[Event "GER-ch Net Amateur Gr-A Vor1"]
[Site "Playchess.com INT"]
[Date "2020.04.14"]
[Round "5"]
[White "Schneider, Bernd"]
[Black "Bashilin, Roman"]
[Result "0-1"]
[WhiteElo "2602"]
[BlackElo "1620"]
[PlyCount "82"]
[EventDate "2020.04.14"]
[EventType "swiss (blitz)"]
[EventRounds "9"]
[EventCountry "GER"]
[SourceTitle "EXT 2021"]
[Source "ChessBase"]
[SourceDate "2020.10.23"]
[SourceVersion "1"]
[SourceVersionDate "2020.10.23"]
[SourceQuality "1"]

1. c4 g6 2. Nc3 Bg7 3. g3 c5 4. Bg2 Nc6 5. Nf3 e6 6. 0-0 Nge7 7. b3 0-0 8. Bb2 d5 9. cxd5 exd5 10. Rc1 b6 11. d3 Bb7 12. Qd2 Qd7 13. Na4 d4 14. Rfe1 Nd5 15. a3 Rfe8 16. Qc2 Re7 17. Nd2 Rae8 18. Ne4 Ne5 19. Naxc5 bxc5 20. Nxc5 Qf5 21. Nxb7 Nxd3 22. Bf3 Nxe1 23. Qxf5 gxf5 24. Rxe1 Nc3 25. Nd6 Nxe2+ 26. Kg2 Nf4+ 27. gxf4 Rxe1 28. Nxe8 Rxe8 29. b4 d3 30. Bxg7 Kxg7 31. Kf1 d2 32. Be2 Kf6 33. a4 Re4 34. b5 Rxa4 35. Bd1 Re4 36. Be2 Ke7 37. f3 Rxf4 38. Kf2 Rd4 39. Bd1 Kd6 40. Ke3 Kc5 41. f4 Rd6 0-1

[Event "Oberliga NRW 1718"]
[Site "Germany"]
[Date "2018.03.11"]
[Round "7.4"]
[White "Bashilin, Roman"]
[Black "Suvorov, Alexander David"]
[Result "1/2-1/2"]
[WhiteElo "2221"]
[BlackElo "2146"]
[PlyCount "63"]
[EventDate "2017.09.17"]
[EventType "team-tourn"]
[EventRounds "9"]
[EventCountry "GER"]
[SourceTitle "EXT 2019"]
[Source "ChessBase"]
[SourceDate "2018.10.10"]
[SourceVersion "1"]
[SourceVersionDate "2018.10.10"]
[SourceQuality "1"]
[WhiteTeam "Wuppertal Bahn"]
[BlackTeam "Koeln Porz II"]
[WhiteTeamCountry "GER"]
[BlackTeamCountry "GER"]

1. d4 d5 2. Nf3 e6 3. Bf4 c5 4. c3 Qb6 5. Qb3 Nf6 6. h3 Nc6 7. e3 Be7 8. Nbd2 0-0 9. Be2 Bd7 10. 0-0 Rfc8 11. Rfe1 Na5 12. Qxb6 axb6 13. Ne5 Be8 14. Bd3 cxd4 15. exd4 b5 16. a3 Nc4 17. Bxc4 dxc4 18. Bg5 Bf8 19. Bxf6 gxf6 20. Ng4 Kg7 21. Ne3 Bc6 22. f4 Rd8 23. Ndf1 Bd6 24. g3 Bc7 25. Rad1 Bb6 26. Kh2 Rd7 27. Rd2 Rad8 28. Rf2 Bc7 29. h4 Rg8 30. Nc2 Bd6 31. Nd2 f5 32. Ne3 1/2-1/2